000 00668nam a22002057a 4500
003 0
005 20250923133419.0
008 250923b xxu||||| |||| 00| 0 eng d
020 _a978-1-64728-815-0
050 _aHD 9980.5
_b.M66 2025
100 _aMontgomery, Damien,
_eauthor.
245 _aService management for business excellence /
_cDamien Montgomery.
260 _aForest Hills, NY :
_bWillford Press,
_c2025.
300 _avi, 221 pages :
_billustrations ;
_c27 cm.
504 _aIncludes bibliographical references and index.
650 _aService industries
_xManagement.
650 _aIndustrial management.
650 _aManagement.
942 _2lcc
_cBK
999 _c368078
_d368078